| 000 | 00498nam a2200181Ia 4500 | ||
|---|---|---|---|
| 001 | 22759 | ||
| 005 | 20260414150852.0 | ||
| 008 | 260414t2018||||xx |||||||||||||| ||spa|| | ||
| 041 | _aESP | ||
| 082 |
_a621.47 _bCH547 |
||
| 100 |
_aChévez, Pedro _eAUT |
||
| 245 | 0 |
_aEnergías renovables y eficiencia energética : _banálisis de medidas orientadas al sector residencial |
|
| 260 | _c2018 | ||
| 300 |
_a187 páginas : _c21 cm. |
||
| 650 | _aTCA | ||
| 654 | _aCIA | ||
| 942 |
_cLIB _dJUS _fJUS _2ddc _n |
||
| 999 |
_c22759 _d22759 |
||